书目信息 |
| 题名: |
型钢孔型设计
|
|
| 作者: | 王全胜 , 张弛 , 徐春 编著 | |
| 分册: | ||
| 出版信息: | 北京 化学工业出版社 2009.01 |
|
| 页数: | 344页 | |
| 开本: | 21cm | |
| 丛书名: | ||
| 单 册: | ||
| 中图分类: | TG332 | |
| 科图分类: | ||
| 主题词: | 型钢--xing gang--孔型(金属压力加工)--设计 | |
| 电子资源: | ||
| ISBN: | 978-7-122-03547-9 | |
| 000 | 00965nam0 2200253 450 | |
| 001 | 528568 | |
| 005 | 20100806142316.60 | |
| 010 | @a978-7-122-03547-9@dCNY36.00 | |
| 100 | @a20100515d2009 em y0chiy0120 ea | |
| 101 | 0 | @achi |
| 102 | @aCN@b110000 | |
| 105 | @aak a 000yy | |
| 200 | 1 | @a型钢孔型设计@Axing gang kong xing she ji@f徐春, 王全胜, 张弛编著@Fxu chun,wang quan sheng,zhang chi bian zhu |
| 210 | @a北京@c化学工业出版社@d2009.01 | |
| 215 | @a344页@c图@d21cm | |
| 320 | @a有书目 (第343-344页) | |
| 330 | @a本书介绍了孔型设计的基本理论,阐述了延伸孔型、简单断面型钢、复杂断面型钢和连轧孔型的设计过程及计算方法,同时根据国内外型钢生产的最新进展,介绍了切分轧制和无孔型轧制、计算机辅助孔型设计等方面内容。 | |
| 606 | 0 | @a型钢@Axing gang@x孔型(金属压力加工)@x设计 |
| 690 | @aTG332@v4 | |
| 701 | 0 | @a王全胜@Awang quan sheng@4编著 |
| 701 | 0 | @a张弛@Azhang chi@4编著 |
| 701 | 0 | @a徐春@Axu chun@4编著 |
| 801 | 0 | @aCN@c20100515 |
| 905 | @dTG332@eX685@f5 | |
| 型钢孔型设计/徐春, 王全胜, 张弛编著.-北京:化学工业出版社,2009.01 |
| 344页:图;21cm |
| ISBN 978-7-122-03547-9:CNY36.00 |
| 本书介绍了孔型设计的基本理论,阐述了延伸孔型、简单断面型钢、复杂断面型钢和连轧孔型的设计过程及计算方法,同时根据国内外型钢生产的最新进展,介绍了切分轧制和无孔型轧制、计算机辅助孔型设计等方面内容。 |
| ● |
| 相关链接 |
|
|
|
正题名:型钢孔型设计
索取号:TG332/X685
 
预约/预借
| 序号 | 登录号 | 条形码 | 馆藏地/架位号 | 状态 | 备注 |
| 1 | 998171 | 209981714 | 自科库501/501自科库 26排1列3层/ [索取号:TG332/X685] | 在馆 | |
| 2 | 998172 | 209981723 | 自科库501/501自科库 26排1列3层/ [索取号:TG332/X685] | 在馆 | |
| 3 | 998173 | 209981732 | 自科库501/501自科库 26排1列3层/ [索取号:TG332/X685] | 在馆 | |
| 4 | 998174 | 209981741 | 自科库501/501自科库 26排1列3层/ [索取号:TG332/X685] | 在馆 | |
| 5 | 998175 | 209981750 | 自科库501/501自科库 26排1列3层/ [索取号:TG332/X685] | 在馆 |